| 000 | 00767nam a2200253Ia 4500 | ||
|---|---|---|---|
| 003 | OSt | ||
| 005 | 20220927105342.0 | ||
| 006 | a|||||r|||| 00| 0 | ||
| 007 | ta | ||
| 008 | 220926b |||||||| |||| 00| 0 eng d | ||
| 020 | _a9784621085011 | ||
| 024 | _a193486 | ||
| 037 | _cReference Collections | ||
| 040 |
_aRTL _cRTL _beng |
||
| 041 |
_2eng _aeng |
||
| 082 | _a"X9OgF.5932, Q2" | ||
| 100 |
_aIwasaki Ichiro _9371882 |
||
| 245 | 0 |
_aEconomic transformation and industrial restructuring _b The Hungarian experience |
|
| 260 |
_aTokyo _bMaruzen Publishing _c2012 |
||
| 300 |
_a"xvi, 296p" _ccm. |
||
| 490 | _aEconomic Research Series; No. 43 | ||
| 942 |
_h"X9OgF.5932, Q2" _cCC |
||
| 999 |
_c692044 _d692044 |
||